000 00329nam a2200157Ia 4500
100 _aGajjar/Dhiren
490 _vI
942 _cBK
654 _amicroprocessors I
245 _aMicroporocessors I
260 _bStudents book depot
_aPune
_c1997
082 _a4.16
_bGAJ
300 _a274
546 _aENGLISH
999 _c31427
_d31427